Grupy heretyckie w późnośredniowiecznym mieście (waldensi w Czechach, husyci w Polsce)

Titel: Grupy heretyckie w późnośredniowiecznym mieście (waldensi w Czechach, husyci w Polsce)
Verfasser:
In: Ecclesia et civitas, (2002), Seite 495-514
alle Artikel anzeigen
Veröffentlicht: 2002
Format: Aufsatz
Sprache: Polnisch
Kein Bild verfügbar
X
alg: 39365542
001A    $01999:12-11-16 
001B    $01999:25-05-21 $t21:46:10.000 
001D    $01999:12-11-16 
001U    $0utf8 
001X    $00 
002@    $0Aox 
003@    $0393655423 
007A    $0393655423 $aHEB 
007T    $0Herdk22569 
010@    $apol 
011@    $a2002 
021A    $aGrupy heretyckie w późnośredniowiecznym mieście (waldensi w Czechach, husyci w Polsce) 
028A    $BVerfasser $#Kras, Paulus $4aut $7113597988X $8Kras, Paweł$Z1969- [Tp3] $9404746403 
031A    $h495-514 $j2002 
039B    $aIn $8--Aau--. Ecclesia et civitas. - Warszawa : Inst. Historii Polskiej Akad. Nauk, 2002. - 534 S.. - Ill.. - ISBN 83-86301-98-8 $x200200000000000505 $9115177019 
045F    $a200.943710902 $eDDC23BSB 
045F/01 $a200.9 
045F/03 $f0902 
045F/03 $g4371 
045F/03 $g438 

lok: 39365542 78

exp: 39365542 78 1 #EPN
201B/01 $026-11-17 $t03:38:31.000 
201U/01 $0utf8 
203@/01 $0789765918 
208@/01 $a12-11-16 $be 
209A/01 $a/ $f000 $x00 
220C/01 $aTitelaufnehmer: pbb 
220C/01 $aHerkunft: IH PAN/PBB Kraków 
244Z/01 $2Trx $#Poola $#Lenkija $#Polija $#Polen Land $#Poland $#Lengyelország $#Poľsko $#Polsko $8--Trx--Polska$gkraj $x01 $9391345966 
244Z/01 $#Tschechien $#Tschechische Republik $#Tschechische Republik $#Tschechenland $#Tschechei Tschechien $#Česká Republika $#Czech Republic $#ČR $74303381-7 $8--Tg1--Tschechien $x02 $9086659812 
244Z/01 $2Trx $#Böhmen $#Bohemia $#Czechy $8--Trx--Čechy $x03 $9391188941 
244Z/01 $aGeschichte 1200-1500 $x04 
244Z/01 $2Trx $#hussiidid $#husitų judėjimas $#Hussites $#huszitizmus $#husytyzm $#husitstvo $#husitství $#Utraquisten $#utrakwiści $#utrakvisti $#utrakvisté $8--Trx--Hussitentum $x05 $9391383779 
244Z/01 $2Trx $#valdeslased $#valdensai $#Waldensians $#valdensek $#waldensi $#valdenská cirkev $#valdenští $8--Trx--Waldenser $x06 $9391362755 
244Z/01 $2Trx $#linnad $#miestai $#towns $#városok $#miejscowości ogólnie $#dejiny miest $#dějiny měst $8--Trx--Städtewesen $x07 $9391381458 
244Z/01 $2Trx $8--Trx--Einzelbeiträge $x08 $9391384570 
245Z/01 $a10.02.01 $x01 
247C/01 $82080>Marburg/Lahn, Herder-Institut, Forschungsbibliothek, Bibliographieportal $9336309341
LEADER 00000caa a22000002c 4500
001 393655423
003 DE-603
005 20210525214610.0
007 tu
008 161112s2002 xx |||| | u00||u|pol c
035 |a (DE-599)HEB393655423 
040 |a DE-603  |b ger  |c DE-603  |d DE-603 
041 |a pol 
082 0 4 |8 1\u  |a 200.943710902  |q DE-101  |2 23/BSB 
085 |8 1\u  |b 200.9 
085 |8 1\u  |z 1  |s 0902 
085 |8 1\u  |z 2  |s 4371 
085 |8 1\u  |z 2  |s 438 
100 1 |a Kras, Paweł  |d 1969-  |e Verfasser  |4 aut  |0 (DE-603)404746403  |0 (DE-588)113597988X  |2 gnd 
245 0 0 |a Grupy heretyckie w późnośredniowiecznym mieście (waldensi w Czechach, husyci w Polsce) 
264 0 |c 2002 
773 0 8 |i In  |t Ecclesia et civitas  |d Warszawa : Inst. Historii Polskiej Akad. Nauk, 2002  |h 534 S., Ill.  |z 8386301988  |g (2002), Seite 495-514  |w (DE-603)115177019 
924 0 |9 2080  |a (DE-603)789765918  |b DE-2080  |c HES  |d d  |g /